LDR 00685naa#a2200205#i#450# 001 EN\\bibl\121419 005 20260429145840.3 011 ## _a1994-4683 100 ## _a20230531b2023####ek#y0engy0150####ca 102 ## _aRU 200 1# _aON THE NEED TO CORRECTION OF EXAM STRESS IN STUDENTS BY MEANS OF HEALTH-SAVING TECHNOLOGIES _eJournal article 210 1# _aMoscow _cNational State University of Physical Education, Sports and Health named after P.F. Lesgaft _d2023 215 ## _a7 с. 608 ## _aJournal article _2local 675 ## _aФизическое здоровье студентов. 378.172 _z 700 #1 _a _g 700 #1 _a _g 700 #1 _a _g 700 #1 _a _g 856 4# _auchzapiski.lesgaft.spb.ru _u